02283 2200277 4500001002100000005001500021008003900036035002000075082000800095084001400103100001800117245004100135250000600176260003100182300001200213520167400225650001001899990001201909990001201921990001201933990001201945990001201957990001201969990001201981990001201993INLIS00000000000128920240523102442240523 | | |  a0010-0524000524 a813 a813 AHM r aTohari, Ahmad1 aRonggeng Dukuh Paruk /cAhmad Tohari a1 aJakarta :bGramedia,c2003 a408 hlm aRonggeng Dukuh Paruk adalah sebuah judul novel dari trilogi novel karya Ahmad Tohari yang merupakan novel pertama dari trilogi tersebut. Dua judul lainnya adalah Lintang Kemukus Dini Hari dan Jantera Bianglala. Novel ini Ronggeng Dukuh Paruk, membuka ceritanya dengan mendeskripsikan suatu keadaan sebuah perkampungan di daerah Jawa. Memuat cerita kehidupan dan adat kebiasaan masyarakat di Dukuh Paruk, dukuh ini terletak pada sebuah wilayah di Jawa dengan kondisi memprihatinkan: terbelakang dan melarat, serta memiliki penduduk yang memelihara kebodohan dan rasa malas. Namun, pedukuhan ini memiliki suatu kebiasaan yang menjadi ciri khasnya, yaitu ronggeng. Sinopsis Semangat Dukuh Paruk kembali menggeliat sejak Srintil dinobatkan menjadi ronggeng baru, menggantikan ronggeng terakhir yang mati dua belas tahun yang lalu. Bagi pedukuhan yang kecil, miskin, terpencil, dan bersahaja itu, ronggeng adalah perlambang. Tanpanya, dukuh itu merasa kehilangan jati diri. Dengan segera Srintil menjadi tokoh yang amat terkenal dan digandrungi. Cantik dan menggoda. Semua ingin pernah bersama ronggeng itu. Dari kaula biasa hingga pejabat-pejabat desa maupun kabupaten. Namun malapetaka politik tahun 1965 membuat dukuh tersebut hancur, baik secara fisik maupun mental. Karena kebodohannya, mereka terbawa arus dan divonis sebagai manusia-manusia yang telah mengguncangkan negara ini. Pedukuhan itu dibakar. Ronggeng beserta para penabuh calungnya ditahan. Hanya karena kecantikannya lah Srintil tidak diperlakukan semena-mena oleh para penguasa di penjara itu. Namun pengalaman pahit sebagai tahanan politik membuat Srintil sadar akan hakikatnya sebagai manusia. 4aFiksi a0744186 a0744187 a0744188 a0744189 a0744190 a0744191 a0744192 a0744193